000 01549nac a2200289 a 4500
003 Co-PeBPM
005 20241003235339.0
007 ta
008 241003s2015 ck |||| |||| 00| 0 spa d
020 _aISBN 13: 9789584244222
020 _aISBN 10: 9584244221
040 _aCo-PeBPM
_bspa
_cCo-PeBPM
_erda
041 _aspa
082 0 4 _aPe863 R666n
_222
100 1 0 _aRobles, Juan Manuel
_eautor
245 1 0 _aNuevos juguetes de la Guerra Fría
_c/ Juan Manuel Robles
250 _aPrimera edición
260 _aBogotá, Colombia
_b: Seix Barral; Editorial Planeta Colombiana,
_c2015
300 _a446 páginas
_c23 centímetros
490 _aBiblioteca Breve
500 _aIncluye índice
500 _aContiene datos biográficos del autor en la solapa del texto
520 _aDesde Nueva York, Iván Morante recuerda o cree recordar cómo fue su infancia como alumno «pionero» en la embajada de Cuba en La Paz. La guerrilla guevarista, el programa soviético y la injerencia de La Habana en América Latina componen una fuerza en colisión con las promesas y fantasías de otro imperialismo, el norteamericano. Un día, Iván comienza a recordar y no puede dejar de hacerlo: su infancia es a medias una novela de política-ficción que ocurre en los estertores de la guerra fría, cuando está a punto de caer el Muro de Berlín, y a medias una historia de iniciación en la que un adulto trata de serlo al repasar el camino andado.
650 1 4 _aLiteratura Peruana
_2LEMB
650 1 4 _aNovela Peruana
_2LEMB
942 _2ddc
_cBK
_n0
999 _c60022
_d60022